Basic business statistics : (Record no. 276595)
[ view plain ]
| 000 -LEADER | |
|---|---|
| fixed length control field | 00483nam a2200157 a 4500 |
| 005 - DATE AND TIME OF LATEST TRANSACTION | |
| control field | 20141022142007.0 |
| 008 - FIXED-LENGTH DATA ELEMENTS--GENERAL INFORMATION | |
| fixed length control field | 120228s19uu xx 00 eng d |
| 050 ## - LIBRARY OF CONGRESS CALL NUMBER | |
| Classification number | CD-ROM |
| Item number | B45 2005 |
| 100 ## - MAIN ENTRY--PERSONAL NAME | |
| Personal name | Berenson, Mark L. |
| 245 ## - TITLE STATEMENT | |
| Title | Basic business statistics : |
| Remainder of title | concepts and applications / |
| Statement of responsibility, etc | Mark Berenson, David Levine, Timothy Krenbiel. |
| 260 ## - PUBLICATION, DISTRIBUTION, ETC. (IMPRINT) | |
| Date of publication, distribution, etc | 2005. |
| 650 ## - SUBJECT ADDED ENTRY--TOPICAL TERM | |
| Topical term or geographic name as entry element | Statistics |
| General subdivision | Statitical methods |
| 700 ## - ADDED ENTRY--PERSONAL NAME | |
| Personal name | Levine, David M. |
| 700 ## - ADDED ENTRY--PERSONAL NAME | |
| Personal name | Krenbiel, Timothy |
| 942 ## - ADDED ENTRY ELEMENTS (KOHA) | |
| Koha item type | Audio Visual Materials |
| Withdrawn status | Lost status | Damaged status | Home library | Current library | Shelving location | Date acquired | Total Checkouts | Full call number | Barcode | Date last seen | Price effective from | Koha item type |
|---|---|---|---|---|---|---|---|---|---|---|---|---|
| College Library | College Library | Audio Visual Material Section | 02/28/2012 | CD-ROM B45 2005 | BSBA0001 | 04/12/2014 | 04/12/2014 | Audio Visual Materials |